00837nam a2200205 i 4500001000700000003000900007005001700016008004100033080001100074100003900085245011400124260005900238300002600297490009100323650002700414700001600441710004900457830008800506852003700594177876ES-MaACL20251220171940.0110504s1959 mx |||| | spa d a530.121 aAleksandrov, Aleksandr Danilovich.10aExamen de la teoría de la relatividad restringida / cAlexandr D. Alexandrov ; [traducción de Pedro Mir]. aMéxico : bUniversidad Nacional de México, c1959. ap. 353-389 ; c21 cm.1 aSeminario de Problemas Científicos y Filosóficos. Suplementos ; v2ª serie ; v1804aRelatividad (Física)1 aMir, Pedro.2 aUniversidad Nacional Autónoma de México.0 aSeminario de Problemas Científicos y Filosóficos. Suplementosv2ª serie ; v18 aES-MaACLj2297-F-25 xOlim P-902